[Event "Muensterland op"]
[Site "Senden"]
[Date "2010.10.16"]
[Round "1.1"]
[White "Hausrath, Daniel"]
[Black "Jungbluth, Michael"]
[Result "1-0"]
[WhiteElo "2537"]
[BlackElo "2032"]
[PlyCount "59"]
[EventDate "2010.??.??"]

1. Nf3 Nf6 2. g3 g6 3. b3 Bg7 4. Bb2 O-O 5. Bg2 d5 6. O-O a5 7. c4 Nbd7 8. cxd5
Nb6 9. Qc2 Nbxd5 10. a3 a4 11. b4 c6 12. d3 h6 13. Nbd2 Nc7 14. Nc4 Nb5 15. Be5
Ne8 16. Bxg7 Nxg7 17. Nb2 Bg4 18. e3 Qd5 19. Nd2 Qh5 20. f3 Bh3 21. Ndc4 Bxg2
22. Kxg2 Nf5 23. Qe2 Qg5 24. f4 Qf6 25. Ne5 Rfd8 26. Nbc4 Nc3 27. Qe1 b5 28.
Qxc3 bxc4 29. dxc4 Qd6 30. Rad1 1-0

[Event "Muensterland op"]
[Site "Senden"]
[Date "2010.10.16"]
[Round "1.2"]
[White "Meyer, Ulrich"]
[Black "Malaniuk, Vladimir P"]
[Result "1/2-1/2"]
[WhiteElo "2025"]
[BlackElo "2527"]
[PlyCount "102"]
[EventDate "2010.??.??"]

1. d4 f5 2. f4 Nf6 3. Nf3 e6 4. e3 b6 5. Be2 Bb7 6. c4 Bb4+ 7. Bd2 Qe7 8. a3
Bxd2+ 9. Qxd2 Ne4 10. Qc1 c5 11. Nc3 O-O 12. O-O Nc6 13. Rb1 Rac8 14. dxc5 bxc5
15. Nxe4 fxe4 16. Ng5 Nd8 17. b4 h6 18. Nh3 d5 19. cxd5 cxb4 20. Qd2 Bxd5 21.
axb4 Nf7 22. f5 Rfd8 23. Nf4 Bc4 24. Qe1 exf5 25. Rc1 Nd6 26. Qg3 Qg5 27. Bxc4+
Nxc4 28. Qf2 Qf6 29. Qe2 Ne5 30. Qa2+ Qf7 31. Qa6 Rxc1 32. Rxc1 Nd3 33. Rc8
Rxc8 34. Qxc8+ Kh7 35. Ne6 g5 36. b5 Ne5 37. h3 Kg6 38. Nd4 Nd7 39. Qa6+ Nf6
40. Nc6 Qc7 41. Qxa7 Qxa7 42. Nxa7 Nd7 43. g3 Nb6 44. Nc6 Kf6 45. Kf2 Nd5 46.
Nd4 Ke5 47. Nc6+ Kd6 48. Nd8 Ke7 49. Nc6+ Kd6 50. Nd8 Ke7 51. Nc6+ Kd6 1/2-1/2

[Event "Muensterland op"]
[Site "Senden"]
[Date "2010.10.16"]
[Round "1.3"]
[White "Danin, Alexandre"]
[Black "Zilch, Lothar"]
[Result "1-0"]
[WhiteElo "2527"]
[BlackElo "2025"]
[PlyCount "47"]
[EventDate "2010.??.??"]

1. e4 c5 2. Nf3 a6 3. c3 d5 4. exd5 Qxd5 5. d4 Bg4 6. Be2 Nf6 7. h3 Bf5 8. c4
Qd8 9. Nc3 Ne4 10. Nxe4 Bxe4 11. d5 g6 12. Qb3 b6 13. Qc3 Rg8 14. Ng5 Bxg2 15.
Rg1 Bg7 16. Qg3 h6 17. Nxf7 Kxf7 18. Rxg2 Qd6 19. Bf4 Qf6 20. Bg4 Rd8 21. Be6+
Kf8 22. Qxg6 Qxf4 23. Qxg7+ Ke8 24. Qg6+ 1-0

[Event "Muensterland op"]
[Site "Senden"]
[Date "2010.10.16"]
[Round "1.4"]
[White "Starp, Klaus"]
[Black "Ivanov, Michail"]
[Result "0-1"]
[WhiteElo "2023"]
[BlackElo "2438"]
[PlyCount "94"]
[EventDate "2010.??.??"]

1. e4 c5 2. c3 d6 3. d4 Qc7 4. Nf3 g6 5. Bd3 Bg7 6. O-O Nf6 7. h3 O-O 8. Be3 e5
9. dxe5 dxe5 10. Nbd2 b6 11. Qe2 Bb7 12. Nh2 Nh5 13. Bc4 Nd7 14. Rfd1 Nf4 15.
Qf1 Nf6 16. g3 Bc8 17. Bxf4 exf4 18. g4 Bb7 19. f3 h5 20. Qg2 hxg4 21. Nxg4 Nh5
22. Nf1 Kh7 23. Rd2 Bc6 24. Rad1 b5 25. Bd5 b4 26. cxb4 cxb4 27. Rc1 Qb6+ 28.
Qf2 Bxd5 29. exd5 Rac8 30. Qxb6 axb6 31. Rc6 Rxc6 32. dxc6 Rc8 33. Rc2 f5 34.
Nf2 Nf6 35. Nd3 Nd5 36. Kf2 g5 37. Ke2 Kg6 38. Nd2 Re8+ 39. Kd1 Ne3+ 40. Kc1
Nxc2 41. Kxc2 Rc8 42. Nxb4 Bf8 43. Kb3 Bxb4 44. Kxb4 Rxc6 45. Kb5 Rc5+ 46. Kb4
Rd5 47. Nc4 b5 0-1

[Event "Muensterland op"]
[Site "Senden"]
[Date "2010.10.16"]
[Round "1.5"]
[White "Karpatchev, Aleksandr"]
[Black "Hilpisch, Ralf"]
[Result "1/2-1/2"]
[WhiteElo "2472"]
[BlackElo "2017"]
[PlyCount "126"]
[EventDate "2010.??.??"]

1. e4 Nc6 2. Nf3 f5 3. exf5 d5 4. Bb5 Bxf5 5. Ne5 a6 6. Nxc6 Qd7 7. Nxe7 axb5
8. Nxf5 Qxf5 9. O-O O-O-O 10. d4 Bd6 11. Nc3 c6 12. a4 b4 13. Ne2 Nf6 14. Ng3
Qg6 15. a5 h5 16. Qf3 Ng4 17. a6 Rdf8 18. Qe2 b5 19. f4 Qf6 20. h3 Qxd4+ 21.
Kh1 g6 22. Qe6+ Kc7 23. Qxg6 Rhg8 24. Qxh5 Nf2+ 25. Kh2 Ng4+ 26. hxg4 Rh8 27.
Rf3 Qd1 28. b3 Qxc2 29. Be3 Rxh5+ 30. gxh5 Kd7 31. a7 Ra8 32. Bd4 c5 33. Be5 c4
34. Ra6 Bc5 35. f5 cxb3 36. Rg6 b2 37. Rg7+ Kc6 38. Rg6+ Kb7 39. Bxb2 Qxb2 40.
f6 Kxa7 41. f7 Qc2 42. Re6 b3 43. Re8 b2 44. f8=Q Bxf8 45. Rf7+ Kb6 46. Rxa8
b1=Q 47. Rf6+ Kc5 48. Rc8+ Kb4 49. Rxc2 Qxc2 50. Rxf8 Qh7 51. Kh3 d4 52. Rf4
Kc4 53. Kg4 Qd7+ 54. Nf5 Kc3 55. Rxd4 Qb7 56. g3 b4 57. Rf4 b3 58. Ne3 Qg7+ 59.
Kf3 Kd3 60. Nd1 Qb7+ 61. Kg4 b2 62. Nxb2+ Qxb2 63. h6 Ke3 1/2-1/2

[Event "Muensterland op"]
[Site "Senden"]
[Date "2010.10.16"]
[Round "1.6"]
[White "Schriewer, Thomas"]
[Black "Kotainy, Jens"]
[Result "0-1"]
[WhiteElo "2005"]
[BlackElo "2343"]
[PlyCount "72"]
[EventDate "2010.??.??"]

1. d4 e6 2. c4 f5 3. g3 Nf6 4. Bg2 Bb4+ 5. Bd2 Bxd2+ 6. Nxd2 O-O 7. Nh3 d6 8.
Nf4 e5 9. dxe5 dxe5 10. Nd5 c6 11. Nxf6+ Qxf6 12. O-O Na6 13. a3 Be6 14. Qc2
Nc5 15. b4 Nd7 16. Qc3 Rad8 17. Rac1 Qh6 18. Nf3 e4 19. Ne5 Nxe5 20. Qxe5 Rd2
21. e3 Rfd8 22. Rfe1 Qg6 23. Qc7 Qf7 24. Qxf7+ Kxf7 25. Bf1 Ra2 26. Ra1 Rdd2
27. Rxa2 Rxa2 28. Rb1 Rxa3 29. c5 Rb3 30. Rxb3 Bxb3 31. Be2 Ke6 32. Kf1 Kd5 33.
Ke1 Bc4 34. Bh5 g6 35. Bd1 a5 36. bxa5 Kxc5 0-1

[Event "Muensterland op"]
[Site "Senden"]
[Date "2010.10.16"]
[Round "1.7"]
[White "Schulze, Ulrich"]
[Black "Bösel, Alexander"]
[Result "1-0"]
[WhiteElo "2332"]
[BlackElo "2000"]
[PlyCount "57"]
[EventDate "2010.??.??"]

1. d4 d5 2. Nf3 Nf6 3. c4 c6 4. Nc3 e6 5. e3 Nbd7 6. Qc2 Be7 7. b3 b6 8. Be2
Bb7 9. O-O Qc7 10. Bb2 Rc8 11. Rac1 O-O 12. Rfd1 Qb8 13. Qb1 Qa8 14. e4 dxe4
15. Nxe4 Nxe4 16. Qxe4 c5 17. Qb1 cxd4 18. Bxd4 Bf6 19. Qb2 Rfe8 20. Bxf6 Nxf6
21. Rd3 Qb8 22. Ne5 Ne4 23. Bh5 Re7 24. Bxf7+ Rxf7 25. Nxf7 Rf8 26. Ne5 Rxf2
27. Qd4 Qf8 28. Rf3 Rxf3 29. Nxf3 1-0

[Event "Muensterland op"]
[Site "Senden"]
[Date "2010.10.16"]
[Round "1.8"]
[White "Mancic, Ivan"]
[Black "Torres-Kuckel, Rafael"]
[Result "1-0"]
[WhiteElo "1996"]
[BlackElo "2274"]
[PlyCount "153"]
[EventDate "2010.??.??"]

1. Nf3 f5 2. d4 g6 3. g3 Bg7 4. Bg2 Nf6 5. O-O O-O 6. c4 d6 7. Nc3 Qe8 8. d5 a5
9. Nd4 Na6 10. Ncb5 Bd7 11. h3 c6 12. Nc3 Nc5 13. Be3 h6 14. Nc2 cxd5 15. Nxd5
Nxd5 16. cxd5 Bxb2 17. Rb1 Bg7 18. Bxc5 dxc5 19. Rxb7 f4 20. gxf4 Rxf4 21. d6
Rd8 22. dxe7 Qxe7 23. Qd2 Rff8 24. Rd1 Qh4 25. Rxd7 Qxf2+ 26. Kh1 Rxd7 27. Qxd7
Qxe2 28. Qd3 Rf2 29. Qxe2 Rxe2 30. Bd5+ Kh7 31. Ne1 g5 32. Nf3 Re3 33. Kg2 Bc3
34. Rd3 Rxd3 35. Be4+ Kg7 36. Bxd3 Kf6 37. Ng1 Ke5 38. Ne2 Bd2 39. Kf3 h5 40.
Bc4 Be1 41. Ke3 g4 42. hxg4 hxg4 43. Nc1 Kd6 44. Nd3 Bh4 45. Kf4 g3 46. Kf3 Kc6
47. a4 Kd6 48. Kg2 Kc6 49. Ne5+ Kd6 50. Nf3 Bf6 51. Kxg3 Bc3 52. Kf4 Bb2 53.
Kf5 Bc3 54. Ng5 Bd4 55. Ne4+ Kc6 56. Ke6 Bg1 57. Bb5+ Kb6 58. Nd2 c4 59. Nxc4+
Kc5 60. Nxa5 Kb4 61. Nc6+ Kc5 62. Ne5 Bd4 63. Nd7+ Kb4 64. Kd5 Bg1 65. Kc6 Ka5
66. Ne5 Kb4 67. Nc4 Bf2 68. a5 Bg1 69. a6 Ba7 70. Nd6 Ka5 71. Bd3 Bg1 72. Kb7
Ka4 73. Kc6 Bf2 74. Bb5+ Kb4 75. Nc4 Ba7 76. Kb7 Bf2 77. Nb6 1-0

[Event "Muensterland op"]
[Site "Senden"]
[Date "2010.10.16"]
[Round "1.9"]
[White "Sazanov, Nikolay"]
[Black "Klatt, Peter"]
[Result "1/2-1/2"]
[WhiteElo "2220"]
[BlackElo "1995"]
[PlyCount "120"]
[EventDate "2010.??.??"]

1. d4 d5 2. e3 g6 3. Bd3 Bg7 4. f4 Nf6 5. Nf3 c5 6. c3 b6 7. Nbd2 O-O 8. Ne5
Nfd7 9. Qf3 Nxe5 10. dxe5 Bb7 11. h4 Qd7 12. h5 d4 13. Be4 Bxe4 14. Nxe4 Nc6
15. Bd2 Bxe5 16. fxe5 Nxe5 17. Qe2 dxc3 18. Bxc3 Nd3+ 19. Kf1 Qf5+ 20. Qf3 Rad8
21. Qxf5 gxf5 22. Ng3 Rd5 23. Ke2 Rfd8 24. Rad1 c4 25. b3 b5 26. bxc4 bxc4 27.
Rb1 f4 28. Ne4 h6 29. Rh4 f5 30. Nd2 fxe3 31. Kxe3 f4+ 32. Ke2 Rg5 33. Kf1 Rdd5
34. Rb8+ Kf7 35. Rh8 Rxh5 36. Rxh6 Rxh4 37. Rxh4 e5 38. Rh7+ Kg6 39. Rxa7 Nc1
40. Nxc4 Rd1+ 41. Kf2 e4 42. a4 e3+ 43. Kf3 e2 44. Kxf4 Rd4+ 45. Ke3 Rd3+ 46.
Kf2 Rxc3 47. Ne5+ Kf5 48. Nf3 Ke4 49. Re7+ Kd5 50. a5 Kd6 51. Re3 Nd3+ 52. Kxe2
Nf4+ 53. Kd2 Rxe3 54. Kxe3 Nxg2+ 55. Kd4 Nf4 56. Kc4 Nd5 57. Nd4 Nc7 58. Kb4
Kd5 59. Nf5 Kc6 60. Ne7+ Kb7 1/2-1/2

[Event "Muensterland op"]
[Site "Senden"]
[Date "2010.10.16"]
[Round "1.10"]
[White "Wickenfeld, Stefan"]
[Black "Korth, Daniel"]
[Result "0-1"]
[WhiteElo "1982"]
[BlackElo "2201"]
[PlyCount "143"]
[EventDate "2010.??.??"]

1. e4 e5 2. Nc3 Nf6 3. f4 d5 4. exd5 e4 5. Qe2 Bf5 6. Qb5+ Nbd7 7. Qxb7 Bd6 8.
Nge2 Rb8 9. Qxa7 O-O 10. a4 Bc5 11. Qa6 Rb6 12. Qc4 Rb4 13. Qa2 Ng4 14. g3 Bf2+
15. Kd1 Bc5 16. Bg2 Nf2+ 17. Ke1 Nxh1 18. Bxh1 Qf6 19. b3 Qh6 20. h4 Re8 21.
Ba3 Rbb8 22. Bxc5 Nxc5 23. Nb5 Nd3+ 24. Kf1 Bh3+ 25. Kg1 Qg6 26. Kh2 Bd7 27.
cxd3 exd3 28. Ng1 Qg4 29. Bf3 Qg6 30. Qb2 Bxb5 31. axb5 Rxb5 32. Qc3 Qb6 33.
Qxd3 Rxb3 34. Qe4 Rb8 35. Re1 Qf2+ 36. Kh3 g6 37. Qe2 Qd4 38. Bg2 Qxf4 39. Nf3
Qf5+ 40. Kh2 Qxd5 41. Qe7 Qd6 42. Qxd6 cxd6 43. Re3 Rxe3 44. dxe3 Re8 45. Nd2
Rxe3 46. Ne4 Rd3 47. Bf1 Rd4 48. Nc3 Kg7 49. Kg2 Kf6 50. Kf3 Ke5 51. Ke3 Rg4
52. Ne2 d5 53. Bg2 h6 54. Bf3 Rb4 55. Nf4 d4+ 56. Kf2 Rb2+ 57. Be2 Ra2 58. Nd3+
Ke4 59. Nc5+ Kd5 60. Nd3 Ra7 61. Nb2 Kc5 62. Kf3 Re7 63. Nd3+ Kc4 64. Nf4+ Kb3
65. Kf2 g5 66. hxg5 hxg5 67. Nd3 Kc3 68. Nc5 Re5 69. Na4+ Kd2 70. Bc4 Rf5+ 71.
Kg2 Ke3 72. Nb2 0-1

[Event "Muensterland op"]
[Site "Senden"]
[Date "2010.10.17"]
[Round "2.1"]
[White "Sundorf, Jannik"]
[Black "Hausrath, Daniel"]
[Result "0-1"]
[WhiteElo "2098"]
[BlackElo "2537"]
[PlyCount "112"]
[EventDate "2010.??.??"]

1. d4 Nf6 2. c4 g6 3. Nc3 Bg7 4. e4 d6 5. Be2 O-O 6. Nf3 c5 7. O-O Nc6 8. d5
Na5 9. Rb1 e5 10. a3 b6 11. b4 Nb7 12. Ne1 Bd7 13. Be3 Qe7 14. Nd3 Rfc8 15. Qb3
Rc7 16. bxc5 Nxc5 17. Nxc5 bxc5 18. Rb2 Qf8 19. Qc2 Bh6 20. Qd2 Bxe3 21. Qxe3
Bc8 22. Rfb1 Ba6 23. Qd2 Rcc8 24. Bd3 Qd8 25. Nb5 Rcb8 26. g3 Bxb5 27. Rxb5 a6
28. R5b2 Nd7 29. Rxb8 Rxb8 30. Rxb8 Qxb8 31. Qc3 Qd8 32. Bc2 Qb6 33. Kg2 Kg7
34. h4 Qd8 35. Ba4 Nf6 36. Bc2 Qe7 37. Qa5 Qb7 38. Qc3 Qd7 39. Qa5 Qb7 40. Qc3
h6 41. f3 Qe7 42. g4 Nd7 43. Kh3 Qf6 44. Ba4 Nb6 45. Bd1 Qf4 46. Be2 Nd7 47.
Bd1 Nf6 48. Ba4 Nh7 49. Bd7 h5 50. g5 f6 51. gxf6+ Nxf6 52. Be6 Kh6 53. Qb3 g5
54. hxg5+ Kxg5 55. Kg2 h4 56. Qd1 Nh5 0-1

[Event "Muensterland op"]
[Site "Senden"]
[Date "2010.10.17"]
[Round "2.2"]
[White "Peterwitz, Klaus"]
[Black "Danin, Alexandre"]
[Result "1/2-1/2"]
[WhiteElo "2092"]
[BlackElo "2527"]
[PlyCount "127"]
[EventDate "2010.??.??"]

1. Nf3 Nf6 2. c4 c5 3. Nc3 d5 4. d4 cxd4 5. Nxd5 Nxd5 6. cxd5 Qxd5 7. Qxd4 Qxd4
8. Nxd4 Bd7 9. e4 Nc6 10. Nxc6 Bxc6 11. f3 e6 12. Be3 Bd6 13. Be2 Ke7 14. Kf2
Rhd8 15. Rhd1 Be5 16. Rxd8 Rxd8 17. Rb1 a5 18. h3 Bd4 19. Bxd4 Rxd4 20. Ke3 e5
21. Rd1 Rxd1 22. Bxd1 Kd6 23. Be2 Kc5 24. a3 f6 25. g3 Bd7 26. Bd3 Be8 27. Be2
Bd7 28. Bd3 h6 29. Be2 g5 30. Bd3 Be6 31. Bc2 a4 32. b4+ Kc4 33. Bxa4 Kc3 34.
Bb5 Bc4 35. Bd7 Bb3 36. f4 Bc2 37. fxe5 fxe5 38. Bc8 b6 39. Bb7 Bb3 40. Bd5 Bc4
41. Bc6 Bb3 42. h4 Be6 43. hxg5 hxg5 44. Bb5 Bh3 45. Bc6 Bc8 46. Bd5 Bd7 47.
Bb7 Kb3 48. Kd2 Ba4 49. Bd5+ Kb2 50. Bc4 Bd7 51. Bd5 Bb5 52. Be6 Ba4 53. Bd5
Bb5 54. Be6 Ba4 55. Bd5 b5 56. Be6 Bb3 57. Bd5 Kxa3 58. Kc3 Bd1 59. Bc6 Be2 60.
Bd5 Bf1 61. Be6 Ka4 62. Bb3+ Ka3 63. Be6 Bg2 64. Bd5 1/2-1/2

[Event "Muensterland op"]
[Site "Senden"]
[Date "2010.10.17"]
[Round "2.3"]
[White "Ivanov, Michail"]
[Black "Hüttemann, Ralf"]
[Result "1-0"]
[WhiteElo "2438"]
[BlackElo "2092"]
[PlyCount "135"]
[EventDate "2010.??.??"]

1. d4 Nf6 2. Nf3 g6 3. c4 Bg7 4. Nc3 d5 5. cxd5 Nxd5 6. e3 Nxc3 7. bxc3 O-O 8.
Bd3 c5 9. O-O Nd7 10. a4 b6 11. a5 a6 12. axb6 Qxb6 13. Ba3 cxd4 14. cxd4 Re8
15. Qa4 Qd8 16. Rfd1 Nb6 17. Qa5 Bg4 18. Be4 Nc4 19. Qg5 Bxf3 20. Bxf3 e5 21.
Qxd8 Raxd8 22. Bc6 exd4 23. Bxe8 Rxe8 24. exd4 Nxa3 25. Rxa3 Bxd4 26. Kf1 Bc5
27. Ra5 Bb4 28. Rxa6 Kg7 29. Rb6 Bc3 30. Rb7 h5 31. g3 Kg8 32. Rdd7 Rf8 33. f4
Bf6 34. h4 Kg7 35. Kf2 Bc3 36. Kf3 Bf6 37. Rbc7 Kg8 38. Ke4 Re8+ 39. Kd5 Rf8
40. Kc4 Kg7 41. Kb5 Kg8 42. Ka6 Kg7 43. Kb7 Bb2 44. Rd2 Ba3 45. Rd5 Bb4 46. Kc6
Be1 47. Rg5 Kh6 48. Re7 Bc3 49. Rd5 Kg7 50. Rd3 Bf6 51. Rc7 Kg8 52. Kd5 Re8 53.
Rb3 Rd8+ 54. Ke4 Rd4+ 55. Kf3 Rd8 56. Rbb7 Rf8 57. Rc6 Bd4 58. Rd6 Bc3 59. Rbd7
Bb4 60. Rd5 Kg7 61. f5 Kf6 62. Rb5 Ba3 63. Ra7 Bc1 64. Rc7 Bd2 65. Rb6+ Kg7 66.
Rxg6+ Kh7 67. Rgc6 Kg7 68. Rc8 1-0

[Event "Muensterland op"]
[Site "Senden"]
[Date "2010.10.17"]
[Round "2.4"]
[White "Kotainy, Jens"]
[Black "Virnyi, Julius"]
[Result "1-0"]
[WhiteElo "2343"]
[BlackElo "2072"]
[PlyCount "81"]
[EventDate "2010.??.??"]

1. e4 c5 2. c3 Nf6 3. e5 Nd5 4. d4 cxd4 5. Nf3 Nc6 6. cxd4 d6 7. Bc4 Nb6 8. Bb5
Bd7 9. Nc3 dxe5 10. dxe5 g6 11. O-O Bg7 12. Bf4 O-O 13. Qe2 a6 14. Bxc6 Bxc6
15. Rad1 Nd5 16. Qc4 e6 17. b3 Qa5 18. Bd2 Nxc3 19. Bxc3 Qb5 20. Qf4 Bxf3 21.
Qxf3 Rfd8 22. Bb2 Qb6 23. g3 Rac8 24. Rxd8+ Rxd8 25. Rc1 h5 26. a4 Rd2 27. Rc8+
Rd8 28. Rxd8+ Qxd8 29. Qxb7 Qd1+ 30. Kg2 Qc2 31. Bd4 Qd3 32. Qc8+ Kh7 33. Qc4
Qe4+ 34. f3 Qe1 35. Qxa6 Qd2+ 36. Bf2 Bxe5 37. Qa7 Kg7 38. a5 h4 39. Qc5 Qe2
40. gxh4 Bf6 41. Qc4 1-0

[Event "Muensterland op"]
[Site "Senden"]
[Date "2010.10.17"]
[Round "2.5"]
[White "Sommer, Uwe"]
[Black "Schulze, Ulrich"]
[Result "1/2-1/2"]
[WhiteElo "2082"]
[BlackElo "2332"]
[PlyCount "37"]
[EventDate "2010.??.??"]

1. e4 c5 2. Nf3 Nc6 3. d4 cxd4 4. Nxd4 Qb6 5. Nb3 Nf6 6. Nc3 e6 7. Be3 Qc7 8.
a3 a6 9. f4 d6 10. Be2 b5 11. Bf3 Be7 12. O-O Bb7 13. Qd2 O-O 14. Rad1 Rab8 15.
Qf2 Ba8 16. g4 Rfd8 17. g5 Nd7 18. Bg2 Re8 19. Kh1 1/2-1/2

[Event "Muensterland op"]
[Site "Senden"]
[Date "2010.10.17"]
[Round "2.6"]
[White "Rebber, Christian"]
[Black "Seegers, Hendrik"]
[Result "0-1"]
[WhiteElo "2070"]
[BlackElo "2201"]
[PlyCount "56"]
[EventDate "2010.??.??"]

1. b4 e5 2. Bb2 f6 3. b5 d5 4. e3 Be6 5. a4 a6 6. Nf3 axb5 7. axb5 Rxa1 8. Bxa1
Bb4 9. Be2 Ne7 10. O-O O-O 11. d3 Nd7 12. c4 dxc4 13. dxc4 Qa8 14. Bc3 Qa5 15.
Qb3 Bxc3 16. Nxc3 Nc5 17. Qb2 Ra8 18. Qc2 Qa3 19. e4 Nc8 20. Nd5 Bxd5 21. exd5
Qa2 22. Qd1 Nd6 23. Nd2 Qb2 24. Re1 Ra2 25. Nb1 Nb3 26. Qd3 Nd4 27. Nc3 Ra3 28.
Nd1 Qc1 0-1

[Event "Muensterland op"]
[Site "Senden"]
[Date "2010.10.17"]
[Round "2.7"]
[White "Korth, Daniel"]
[Black "Müller, Martin"]
[Result "1-0"]
[WhiteElo "2201"]
[BlackElo "2071"]
[PlyCount "72"]
[EventDate "2010.??.??"]

1. d4 Nf6 2. c4 c5 3. d5 b5 4. cxb5 a6 5. e3 g6 6. Nc3 Bg7 7. Nf3 O-O 8. a4 Bb7
9. Ra3 e6 10. b6 Nxd5 11. a5 Nb4 12. Be2 d5 13. O-O N8c6 14. Na2 Qe7 15. Nxb4
Nxb4 16. Ne1 Rfc8 17. Nc2 c4 18. Nxb4 Qxb4 19. Ra2 Rc5 20. Bd2 Qb3 21. Qa1 e5
22. Bc3 d4 23. Bd1 dxc3 24. Bxb3 cxb3 25. Ra3 Rb5 26. bxc3 b2 27. Qb1 e4 28. c4
Rb4 29. Qa2 Rd8 30. Ra4 Rxa4 31. Qxa4 Rd3 32. Qe8+ Bf8 33. Qe5 Bg7 34. Qb8+ Bf8
35. Qxb7 f5 36. Qc6 Rc3 1-0

[Event "Muensterland op"]
[Site "Senden"]
[Date "2010.10.17"]
[Round "2.8"]
[White "Swinkels, Maurice"]
[Black "Freitag, Julia"]
[Result "1-0"]
[WhiteElo "2060"]
[BlackElo "2185"]
[PlyCount "87"]
[EventDate "2010.??.??"]

1. e4 e6 2. d4 d5 3. Nc3 dxe4 4. Nxe4 b6 5. Nf3 Bb7 6. Bb5+ c6 7. Bd3 Be7 8.
O-O Nf6 9. c3 Nbd7 10. Bf4 Nxe4 11. Bxe4 Nf6 12. Bd3 O-O 13. Qe2 Rc8 14. Rad1
Qd5 15. Be5 c5 16. dxc5 Qxc5 17. b4 Qc6 18. b5 Qc5 19. Nd2 Nd7 20. Bd4 Qc7 21.
Nc4 Bf6 22. Rfe1 Bd5 23. Ne3 Bxd4 24. cxd4 Nf6 25. Ng4 Nxg4 26. Qxg4 g6 27. h4
h5 28. Qg5 Qd8 29. Qg3 Qf6 30. Re5 Kh8 31. Be2 Rc2 32. Bxh5 Rxa2 33. Be2 Rc8
34. Bd3 Bc4 35. Rc1 Ra3 36. Re3 Qxd4 37. Bxc4 Rxc4 38. Rxc4 Ra1+ 39. Kh2 Qxc4
40. Qe5+ Kg8 41. Qxa1 Qxb5 42. Qxa7 Qb2 43. Qb8+ Kh7 44. Qf4 1-0

[Event "Muensterland op"]
[Site "Senden"]
[Date "2010.10.17"]
[Round "2.9"]
[White "Terhorst, Jochen"]
[Black "Gottkehaskamp, Philipp"]
[Result "1-0"]
[WhiteElo "2185"]
[BlackElo "2063"]
[PlyCount "60"]
[EventDate "2010.??.??"]

1. e4 Nf6 2. e5 Nd5 3. d4 d6 4. c4 Nb6 5. exd6 exd6 6. Nf3 Be7 7. Bd3 Nc6 8.
Be3 Nb4 9. Be2 Bf5 10. Na3 O-O 11. Qd2 a5 12. O-O Bf6 13. b3 Re8 14. Rac1 d5
15. c5 Nc8 16. Nb5 c6 17. Nc3 Bg4 18. a3 Na6 19. h3 Bxf3 20. Bxf3 Nc7 21. Bd1
Ne6 22. Ne2 g6 23. Bc2 Bg7 24. g4 Qh4 25. Kg2 h5 26. g5 f6 27. Bxg6 Nxg5 28.
Nf4 Ne4 29. Qe2 Re7 30. Bxh5 Bh6 1-0

[Event "Muensterland op"]
[Site "Senden"]
[Date "2010.10.17"]
[Round "2.21"]
[White "Malaniuk, Vladimir P"]
[Black "Grave, Frank"]
[Result "1-0"]
[WhiteElo "2527"]
[BlackElo "1953"]
[PlyCount "33"]
[EventDate "2010.??.??"]

1. d4 f5 2. Nc3 Nf6 3. Bg5 e6 4. e4 Be7 5. e5 Ng4 6. Bf4 g5 7. h3 Nh6 8. Qh5+
Nf7 9. Be3 Nc6 10. Nf3 b6 11. h4 h6 12. hxg5 hxg5 13. Qxh8+ Nxh8 14. Rxh8+ Bf8
15. Bxg5 Ne7 16. Nh4 Kf7 17. Be2 1-0

[Event "Muensterland op"]
[Site "Senden"]
[Date "2010.10.17"]
[Round "3.1"]
[White "Hausrath, Daniel"]
[Black "Harff, Marcel"]
[Result "1-0"]
[WhiteElo "2537"]
[BlackElo "2162"]
[PlyCount "91"]
[EventDate "2010.??.??"]

1. Nf3 c5 2. c4 d6 3. d4 cxd4 4. Nxd4 Nf6 5. Nc3 g6 6. e4 Bg7 7. Be2 Nc6 8. Nc2
Be6 9. O-O Rc8 10. b3 Nd7 11. Bd2 O-O 12. Rb1 Nc5 13. f3 f5 14. exf5 Bxf5 15.
Rc1 a6 16. Ne3 Bd7 17. Kh1 Nd4 18. b4 Nce6 19. Ned5 Rf7 20. Bd3 b5 21. Ne4 bxc4
22. Bxc4 Bb5 23. Bxb5 axb5 24. Re1 h6 25. Rxc8 Qxc8 26. Nec3 Qc4 27. Qb1 Kh7
28. Re4 Ng5 29. Rxe7 Rxe7 30. Nxe7 Qf7 31. Bxg5 hxg5 32. Ncd5 Qe6 33. Qe4 Qxe4
34. fxe4 Be5 35. Nc7 Kg7 36. Ned5 Bf4 37. g3 Bd2 38. Ne8+ Kf8 39. Nxd6 Nc2 40.
Nxb5 Nxb4 41. Nxb4 Bxb4 42. Kg2 g4 43. Nc7 Kf7 44. Nd5 Bc5 45. a4 Ke6 46. a5
1-0

[Event "Muensterland op"]
[Site "Senden"]
[Date "2010.10.17"]
[Round "3.2"]
[White "Meertens, Martin"]
[Black "Ivanov, Michail"]
[Result "1/2-1/2"]
[WhiteElo "2154"]
[BlackElo "2438"]
[PlyCount "64"]
[EventDate "2010.??.??"]

1. e4 c5 2. Nf3 d6 3. d4 cxd4 4. Nxd4 Nf6 5. Nc3 Nc6 6. Bg5 Qa5 7. Bxf6 gxf6 8.
Qd2 Nxd4 9. Qxd4 Bd7 10. Qd5 Qxd5 11. exd5 Rc8 12. Bd3 f5 13. Ne2 Bg7 14. Rb1
h5 15. h4 e5 16. c3 e4 17. Bc2 b5 18. a3 a5 19. Bb3 Be5 20. g3 Ke7 21. Kd2 Rc5
22. Ke3 Bc8 23. f3 exf3 24. Kxf3 b4 25. cxb4 axb4 26. axb4 Rb5 27. Bc4 Rxb4 28.
b3 Rb6 29. Nf4 Ba6 30. Rhc1 Kd7 31. Bxa6 Rxa6 32. Rc4 Rb8 1/2-1/2

[Event "Muensterland op"]
[Site "Senden"]
[Date "2010.10.17"]
[Round "3.3"]
[White "Davenport, Darcy"]
[Black "Kotainy, Jens"]
[Result "0-1"]
[WhiteElo "2136"]
[BlackElo "2343"]
[PlyCount "62"]
[EventDate "2010.??.??"]

1. Nf3 e6 2. c4 Nf6 3. d4 c5 4. d5 b5 5. dxe6 fxe6 6. cxb5 d5 7. e3 Bd6 8. Nbd2
O-O 9. Qc2 Qa5 10. b4 Qxb4 11. Bb2 Nbd7 12. Bc3 Qg4 13. h3 Qh5 14. Be2 a6 15.
a4 axb5 16. axb5 Rxa1+ 17. Bxa1 Bb7 18. Ne5 Qg5 19. Ndf3 Qf5 20. Bd3 Qh5 21. g4
Qe8 22. Nxd7 Qxd7 23. Ng5 h6 24. Bxf6 gxf6 25. Nf3 c4 26. Be2 Qh7 27. Qxh7+
Kxh7 28. Nd4 e5 29. Nf5 Bb4+ 30. Kf1 d4 31. f3 d3 0-1

[Event "Muensterland op"]
[Site "Senden"]
[Date "2010.10.17"]
[Round "3.4"]
[White "Seegers, Hendrik"]
[Black "Kuznetsov, Mark"]
[Result "0-1"]
[WhiteElo "2201"]
[BlackElo "2123"]
[PlyCount "100"]
[EventDate "2010.??.??"]

1. d4 d5 2. Nf3 Nf6 3. Bf4 c6 4. c3 Bg4 5. Nbd2 Nbd7 6. h3 Bh5 7. e3 e6 8. Bd3
Be7 9. O-O O-O 10. Re1 Bg6 11. Qc2 Bxd3 12. Qxd3 c5 13. Rad1 Qb6 14. Qb1 Rac8
15. Ne5 Rfd8 16. Ndf3 Nxe5 17. Nxe5 a5 18. Bg5 h6 19. Bh4 Qc7 20. Qd3 c4 21.
Qe2 b5 22. a3 Rb8 23. f3 b4 24. axb4 axb4 25. e4 bxc3 26. bxc3 Rb3 27. Rc1 Rc8
28. Rc2 Nh5 29. Bxe7 Qxe7 30. exd5 Nf4 31. Qe4 Nxd5 32. Nxc4 Nxc3 33. Qd3 Qb4
34. Ne3 Rd8 35. Rec1 Rxd4 36. Qa6 Nd5 37. Qa8+ Kh7 38. Ng4 Rb1 39. Nf2 Nf4 40.
Kh2 Rxc1 41. Rxc1 Qd2 42. Rf1 Qe2 43. Kg1 Qe3 44. Kh2 f5 45. Qa7 Nd5 46. Qb8
Rd2 47. Qg3 Qe2 48. Kg1 Ne3 49. Rc1 f4 50. Qh4 Nf5 0-1

[Event "Muensterland op"]
[Site "Senden"]
[Date "2010.10.17"]
[Round "3.5"]
[White "Pienski, Olaf"]
[Black "Korth, Daniel"]
[Result "1/2-1/2"]
[WhiteElo "2098"]
[BlackElo "2201"]
[PlyCount "102"]
[EventDate "2010.??.??"]

1. e4 e5 2. Nf3 Nc6 3. Be2 Nf6 4. d3 d5 5. Nbd2 Be7 6. O-O O-O 7. c3 h6 8. Qc2
Bg4 9. exd5 Qxd5 10. Nc4 Be6 11. Re1 Nd7 12. Ne3 Qd6 13. b4 a6 14. a4 Nf6 15.
Bb2 b5 16. axb5 axb5 17. Nd2 Nd5 18. Nxd5 Bxd5 19. Ne4 Qg6 20. Bf3 Kh8 21. Qe2
Qe6 22. Ng3 Qd7 23. Bxd5 Qxd5 24. Nf5 Bf6 25. c4 Qd7 26. Qf3 Rxa1 27. Bxa1 Nxb4
28. Bxe5 Re8 29. d4 Bxe5 30. dxe5 bxc4 31. Qg4 g6 32. Nxh6 Qxg4 33. Nxg4 c3 34.
Rc1 Na2 35. Rc2 Rb8 36. g3 Rb2 37. Ne3 Kg7 38. Kg2 Kf8 39. Kf3 c5 40. Ke4 Rxc2
41. Nxc2 Nb4 42. Nxb4 cxb4 43. Kd3 g5 44. f3 Kg7 45. h4 Kg6 46. f4 Kf5 47. hxg5
Ke6 48. Kc2 Kd5 49. Kb3 Ke6 50. Kc2 Kd5 51. Kb3 Ke6 1/2-1/2

[Event "Muensterland op"]
[Site "Senden"]
[Date "2010.10.17"]
[Round "3.6"]
[White "Darwisch, Khaled"]
[Black "Terhorst, Jochen"]
[Result "1-0"]
[WhiteElo "2049"]
[BlackElo "2185"]
[PlyCount "87"]
[EventDate "2010.??.??"]

1. e4 c5 2. Nf3 e6 3. d4 cxd4 4. Nxd4 a6 5. Be2 Nf6 6. Bg5 d6 7. Nc3 Nbd7 8.
O-O Be7 9. Qd2 Qc7 10. f4 h6 11. Bxf6 Nxf6 12. Kh1 b5 13. Bf3 Bb7 14. e5 dxe5
15. fxe5 Nd7 16. Bxb7 Qxb7 17. Qf4 O-O 18. Ne4 Qc7 19. Nf3 f5 20. Nd6 Bxd6 21.
exd6 Qxc2 22. Rac1 Qxb2 23. Rc7 Rad8 24. Nh4 Qf6 25. a4 e5 26. Qb4 f4 27. Nf3
bxa4 28. Rd1 Nb8 29. d7 a3 30. Qxa3 e4 31. Rd6 Qf5 32. Nd4 Qg4 33. Qb3+ Kh8 34.
h3 Qh5 35. Ne6 f3 36. Nxf8 Qg5 37. Ng6+ Kh7 38. Qc2 Qg3 39. Nf8+ Kg8 40. Rd1
Kxf8 41. Rc8 Qh4 42. Qc7 fxg2+ 43. Kxg2 Qg5+ 44. Kh1 1-0